000 00586nam a2200241Ia 4500
008 161112s9999 xx 000 0 und d
020 _a978-971-27-2150-2
050 _aFIL TX 651
050 _b.T39 2008
100 _aTayag, Claude.
245 0 _aFood tour :
245 2 _ba culinary journal /
245 0 _cby Claude Tayag.
260 _aManila :
260 _bAnvil Publishing Inc.,
260 _c2008
300 _a259 pages :
300 _billustrations ;
300 _c25 cm.
650 _aCookery, Asian.
650 _aCookery.
650 _xCookery, Filipino.
999 _c305199
_d305199